| 000 | 00000cam 2200000zi 4500 |
| 001 | 9.957330 |
| 003 | CaOODSP |
| 005 | 20260216085829 |
| 006 | m o d f |
| 007 | cr cn||||||||| |
| 008 | 251114e20251215onc o f000 0 fre d |
| 020 | |a9780660797243 |
| 040 | |aCaOODSP|bfre|erda|cCaOODSP |
| 043 | |an-cn--- |
| 086 | 1 |aH164-275/2025F-PDF |
| 245 | 00|aPolitique de gestion des demandes d'homologation de produits de santé naturels. |
| 250 | |a[Édition de 2025]. |
| 264 | 1|aOttawa (Ontario) : |bSanté Canada = Health Canada, |c15 décembre 2025. |
| 264 | 4|c©2025 |
| 300 | |a1 ressource en ligne (113 pages) |
| 336 | |atexte|btxt|2rdacontent/fre |
| 337 | |ainformatique|bc|2rdamedia/fre |
| 338 | |aressource en ligne|bcr|2rdacarrier/fre |
| 500 | |aTitre de la couverture. |
| 500 | |a« Date de publication : novembre 2025. » |
| 500 | |a« Date de publication et de mise à jour : 15 décembre 2025. » |
| 500 | |a« Remplace : Politique de gestion des demandes d'homologation de produits de santé naturels (2019). » |
| 500 | |aPublié aussi en anglais sous le titre : Natural health products management of applications policy. |
| 520 | |a« Le présent document décrit : les responsabilités et les attentes relatives aux demandeurs tout au long du processus de demande de licence de mise en marché (DLMM), et le processus relatif aux activités postérieures à l'homologation, conformément au Règlement sur les produits de santé naturels (RPSN) ; les processus appliqués par la Direction des produits de santé naturels et sans ordonnance (DPSNSO) tout au long du processus de demande, depuis la phase préalable à la soumission jusqu'à la phase postérieure à l'octroi de la licence » -- Objet, page [9]. |
| 650 | 6|aProduits de santé naturels|xPolitique gouvernementale|zCanada. |
| 650 | 6|aProduits de santé naturels|xSécurité|xRèglements|zCanada. |
| 710 | 1 |aCanada. |bSanté Canada, |eorganisme de publication. |
| 775 | 08|tNatural health products management of applications policy.|w(CaOODSP)9.957329 |
| 795 | |tPolitique de gestion des demandes d’homologation de produits de santé naturels.|b[Édition de 2019]|w(CaOODSP)9.871912 |
| 856 | 40|qPDF|s1.37 Mo|uhttps://publications.gc.ca/collections/collection_2026/sc-hc/H164-275-2025-fra.pdf |
| 856 | 4 |qHTML|sS.O.|uhttps://www.canada.ca/fr/sante-canada/services/medicaments-produits-sante/produits-sante-naturels/legislation-lignes-directrices/documents-reference/gestion-demandes-licence-mise-marche-attestations.html |
| 986 | |a250332 |